|
|
|
|
| LEADER |
01266naa a2200373 a 4500 |
| 001 |
000000308 |
| 003 |
SVKKK |
| 005 |
20071019131252.0 |
| 008 |
030616c1987 xo e engo |
| FMT |
|
|
|
| 038 |
|
|
|a SVKKK
|
| 040 |
|
|
|a SVKKK
|b slo
|e AACR2
|
| 041 |
0 |
|
|a eng
|b eng
|
| 044 |
|
|
|a xo
|c SK
|
| 080 |
|
|
|a 550.4:550.822.7(234.372.3)
|2 1981
|
| 080 |
|
|
|a 553.078(234.372.3)
|2 1981
|
| 100 |
1 |
|
|a B‹hmer, Miloslav
|4 aut
|
| 242 |
1 |
0 |
|a Geochemický drenážny prieskum stredoslovenských neovulkanických pohorí
|
| 245 |
1 |
0 |
|a Geochemical Drainage Survey in the Central Slovakian Neovolcanic Mountains
|c B‹hmer Miloslav
|
| 300 |
|
|
|b Obr. 4
|
| 500 |
|
|
|a Bratislava, Univerzita Komenského
|
| 504 |
|
|
|a Res. angl., rus., lit. 8 zázn. v angl., slov.
|
| 650 |
0 |
4 |
|a geochémia
|
| 650 |
0 |
4 |
|a metalogenéza
|x štúdie
|
| 650 |
0 |
4 |
|a mineralógia
|
| 650 |
0 |
4 |
|a pohoria neovulkanické stredoslovenské (Kremnické vrchy, Štiavnické vrchy, Poľana, Javorie)
|x pôvod
|
| 650 |
0 |
4 |
|a prieskum drenážny
|
| 773 |
0 |
|
|t Acta geologica et geographica Universitatis Comenianae
|d Bratislava : Slovenské pedagogické nakladateľstvo, 1987
|g S. 115-126
|
| 958 |
|
|
|a NP
|
| 974 |
|
|
|d 940927
|a 245/226
|
| 992 |
|
|
|a RZB
|
| BAS |
|
|
|
| 852 |
|
|
|a SVKKK
|b BIB
|
| 998 |
|
|
|a GEO
|